Call of Duty WWII The Darkest Shore prologue - Statistics

General Stats
  • This quiz has been taken 3 times
  • The average score is 75 of 191
Answer Stats
Answer % Correct
I
100%
a
67%
goddamn
67%
he
67%
is
67%
island.
67%
island!
67%
other
67%
people.
67%
Shh
67%
the
67%
this
67%
This
67%
Where
67%
about
33%
all
33%
anybody
33%
at
33%
At
33%
back
33%
be
33%
been
33%
before.
33%
before
33%
believe
33%
boat?
33%
briefing.
33%
but
33%
calme
33%
came
33%
can't
33%
care
33%
cause.
33%
close.
33%
damn
33%
darlin'?
33%
different.
33%
does.
33%
don't
33%
else
33%
ever
33%
everything
33%
feeling
33%
field.
33%
find
33%
finger.
33%
fire
33%
fog
33%
followed
33%
for
33%
Germany!
33%
goes
33%
gone
33%
got
33%
hadn't
33%
has
33%
have
33%
heavy
33%
here
33%
here,
33%
him.
33%
history.
33%
If
33%
I'm
33%
in
33%
it?
33%
It's
33%
just
33%
know
33%
least
33%
Let's
33%
like
33%
little
33%
Lucifer's
33%
Marie.
33%
middle
33%
morning.
33%
move
33%
need
33%
nobody
33%
not
33%
of
33%
Oh
33%
optimistic,
33%
our
33%
out.
33%
out
33%
party?
33%
piece
33%
place.
33%
place
33%
Poking
33%
pretending
33%
rest
33%
Rideau
33%
said
33%
saying
33%
sea
33%
send
33%
shit.
33%
shit
33%
shit!
33%
shot,
33%
should
33%
some
33%
soon
33%
Stay
33%
Still
33%
Straub
33%
surprised
33%
survived
33%
sword
33%
tea
33%
things
33%
time
33%
to
33%
to...
33%
toi.
33%
too
33%
train
33%
us
33%
was
33%
watched
33%
we
33%
We
33%
well...
33%
well,
33%
well
33%
were
33%
What
33%
when
33%
why
33%
will
33%
wish
33%
wondering
33%
wreck?
33%
wrong
33%
Yeah,
33%
Yeah
33%
you
33%
You
33%
you're
33%
you've
33%
No matching quizzes found
Score Distribution
Percent of People with Each Score
Percentile by Number Answered
Your Score History
You have not taken this quiz